| 000 | 00633nab a2200241 a 4500 | ||
|---|---|---|---|
| 001 | 56869 | ||
| 003 | 128021 | ||
| 005 | 20201118103247.0 | ||
| 008 | ||||||n9999 ||| || || | ||
| 041 | _aspa | ||
| 100 | _aUcros Barros, Cesar | ||
| 245 | 0 | _aDoctrinas y conceptos juridicos 1997 | |
| 260 |
_aBogotá : _bLa Superintendencia, _c1998. |
||
| 300 | _a431p. | ||
| 562 | _e2 | ||
| 650 | _aANALISIS NORMATIVO | ||
| 650 | _aCOLOMBIA | ||
| 650 | _aLEY 222 DE 1995 | ||
| 650 | _aRELACIONES COMERCIALES | ||
| 650 | _aSUPERINTENDENCIA DE SOCIEDADES | ||
| 773 |
_029682 _aDoctrinas y conceptos juridicos |
||
| 942 | _cDO-GO | ||
| 999 |
_c56869 _d56869 |
||